| 000 | 00790nam a2200229Ia 4500 | ||
|---|---|---|---|
| 001 | 15303 | ||
| 003 | GE_BSU | ||
| 008 | 181216s||||||||xx |||||||||||||| ||und|| | ||
| 040 | _cGE_BSU | ||
| 080 | _a821.353.1+821.353.1-32+821.353.1-31 | ||
| 100 | _aყაზბეგი, ალექსანდრე | ||
| 245 | _aთხზულებანი 2 ტომად. ტ.2 | ||
| 245 | _bმოთხრობები და რომანები. | ||
| 245 | _cგ.ნატროშვილის წინასიტყვ. | ||
| 260 | _aთბილისი | ||
| 260 | _bსაბჭოთა საქართველო | ||
| 260 | _c1962 | ||
| 300 | _a561გვ.22სმ. | ||
| 653 | _aმოთხრობები | ||
| 653 | _aრჩეული | ||
| 942 | _cBK | ||
| 999 |
_c48411 _d48411 |
||